|
|
|
|
| LEADER |
00000ny a22000003n 4500 |
| 005 |
20110602143051.0 |
| 008 |
080205s2007 fr 001 0dfre c |
| 020 |
|
|
|a 9782743009717
|
| 035 |
|
|
|a 2376
|
| 040 |
|
|
|a SpMaUCDE
|d vLex
|
| 080 |
|
|
|a 347.77/.78
|
| 090 |
|
|
|c 433
|d 433
|
| 100 |
1 |
|
|a Piotraut, Jean-Luc
|
| 245 |
1 |
3 |
|a La propriť ̌intellectuelle en droit international et compar ̌
|h [Recurso electrn̤ico]
|b (France, Allemagne, Royaume-Uni, États-Unis) /
|c Jean-Luc Piotraut.
|
| 256 |
|
|
|a Servicio en ln̕ea
|
| 260 |
|
|
|a Paris :
|b Editions TEC & DOC ; Lavoisier,
|c 2007
|
| 300 |
|
|
|a v.
|
| 505 |
|
|
|a Premiar̈e Partie. Le mouvement gňřal d internationalisation du droit de la propriť ̌intellectuelle.- 1. La mondialisation croissante de la propriť ̌intellectuelle.- 2. La progression contrastě des phňomn̈es d intǧration au plan rǧional.- 3. Les limites de l internationalisation de la propriť ̌intellectuelle.- Deuxim̈e Partie. La limitation des diffřences entre.
|
| 506 |
1 |
|
|a Contenido solo disponible en los productos indicados
|d vLex Global
|d vLex Global (Academic Edition, excluding Law Schools)
|d vLex Global (U.S. Academic Edition, Law Schools)
|d vLex Global (U.S. Academic Edition, excluding Law Schools)
|d vLex Global (Academic Edition, Law Schools)
|
| 650 |
0 |
4 |
|a Propiedad intelectual
|x Derecho
|
| 740 |
0 |
|
|a vLex Libros (Servicios en ln̕ea)
|
| 856 |
4 |
0 |
|u http://vlex.com/source/2376
|z Acceso restringido
|
| 942 |
|
|
|c BOOK
|
| 999 |
0 |
|
|a Intellectual property)
|b France
|